000 00344nam a2200157Ia 4500
003 0STCL
008 150530s9999 xx 000 0 und d
040 _aSTCL
_cSTCL
100 _aGarnett, R.
245 _aEssays of an ex liberarian
260 _c1901
546 _aEnglish
942 _2ddc
_cBK
999 _c51520
_d51520
005 20220125170842.0